000 00590nam a2200217 a 4500
001 000022299
003 DO-SdBNP
005 20230203074710.0
007 ta
008 100922s2004 dr a 001 0 spa d
040 _aDO-SdBNP
_bspa
_cBNPHU
082 _axxxx
_bN925
_222
100 1 _aNouel, Carmen
_946061
245 1 0 _aMenú para 60 días /
_cCarmen Nouel.
246 1 3 _aMenú para sesenta días
260 _aSanto Domingo :
_bInstituto Técnico Salesiano (ITESA).
300 _a158 p. :
_bil. ;
_c22 cm.
590 _aInventariado, 2023 / DG
910 _aDG
942 _2ddc
_cLBS1
999 _c21797
_d21797